Normal view
MARC view
- Ghulam Kabeer Khan Niazi, Major
Entry Personal Name
001 - CONTROL NUMBER
- control field: 48550
003 - CONTROL NUMBER IDENTIFIER
- control field: NUST
005 - DATE AND TIME OF LATEST TRANSACTION
- control field: 20210314134054.0
008 - FIXED-LENGTH DATA ELEMENTS
- fixed length control field: 210314|| aca||aabn | a|a d
040 ## - CATALOGING SOURCE
- Original cataloging agency: NUST
- Transcribing agency: NUST
100 ## - HEADING--PERSONAL NAME
- Personal name: Ghulam Kabeer Khan Niazi, Major
670 ## - SOURCE DATA FOUND
- Source citation: Work cat.: (NUST): Ghulam Kabeer Khan Niazi, Major., Modification of Marshall method compactive effort criterion for designing rut resistant bituminous mixes in Pakistan.
